Statistics for Countries that have a Peruvian embassy

Click here to take the quiz!

General Stats

  • This quiz has been taken 10 times
  • The average score is 58 of 63

Answer Stats

Answer% Correct
Argentina
100%
Australia
100%
Austria
100%
Bolivia
100%
Brazil
100%
Canada
100%
Chile
100%
China
100%
Colombia
100%
Dominican Republic
100%
Egypt
100%
Finland
100%
France
100%
Germany
100%
Guatemala
100%
Honduras
100%
India
100%
Israel
100%
Italy
100%
Japan
100%
Mexico
100%
Morocco
100%
New Zealand
100%
Nicaragua
100%
Norway
100%
Panama
100%
Paraguay
100%
Poland
100%
Qatar
100%
Saudi Arabia
100%
South Korea
100%
Sweden
100%
United Arab Emirates
100%
United Kingdom
100%
United States
100%
Uruguay
100%
Vietnam
100%
Algeria
89%
Costa Rica
89%
Cuba
89%
Czechia
89%
Greece
89%
Indonesia
89%
Kuwait
89%
Portugal
89%
Romania
89%
Russia
89%
South Africa
89%
Spain
89%
Switzerland
89%
Thailand
89%
Turkey
89%
Venezuela
89%
Belgium
78%
Ecuador
78%
El Salvador
78%
Ghana
78%
Hungary
78%
Ireland
67%
Malaysia
67%
Netherlands
67%
Singapore
67%
Trinidad and Tobago
56%

Score Distribution

Percentile by Number Answered

Percent of People with Each Score

Your Score History

You have not taken this quiz